000 00582nam a2200217Ia 4500
003 OSt
005 20220927105655.0
006 a|||||r|||| 00| 0
007 ta
008 220926b |||||||| |||| 00| 0 eng d
024 _a200922
037 _cReference Collections
040 _aRTL
_cRTL
_beng
041 _2eng
_aeng
082 _a"n1,L68, J8"
245 0 _aBritannica book of the year 1958
260 _aChicago
_b"Encyclopaedia Britannica, Ltd. "
_c1768
300 _a554p.
_ccm.
942 _h"n1,L68, J8"
_cCC
999 _c693866
_d693866